1180 1647 1524 1938 1456 1972 1893 1280 1507 1954 1720 1639 1629 1708 1739 1944 1973 1618 1639 1086 1576 1175 1705 1926 1756 1420 1262 1705 1541 1551 1460 1198 1084 1929 1371 1820 1072 1416 1450 1990 1220 1681 1468 1373 1798 1289 1419 1690 1304 1227 1633 1623 1041 1482 1380 1697 1882 1081 1762 1360 1379 1818 1136 1301 1126 1116 1576 1464 1778 1108 1419 1757 1182 1652 1293 1505 1661 1470 1831 1238 1300 1717 1093 1494 1127 1027 1408 1849 1624 1535 1512 1589 1362 1971 1831 1150 1564 1007 1047 BCNSPRNW ULIB Ver.6.0+V

เปลี่ยนเป็นภาษาไทย

Change to English
 แสดงรายละเอียดบรรณานุกรม
  กลับหน้าหลัก

Brief Record : Get Marc (ISO 2709) : E-mail record : QR code < ปิดหน้าต่าง
LEADER : 00000nam 2200000uu 4500
001    13399125765
003     ULIB
008    170831s2559||||th 000 0 tha d
020    ^a9789747557572
060    ^aWY160 ส661ก ล.2
100    ^aสายฝน เอกวรางกูร
245    ^aการพยาบาลจิตเวชและสุขภาพจิต : ศาสตร์และศิลป์สู่การปฏิบัติ 2
250    ^aพิมพ์ครั้งที่ 3
260    ^aนครศรีธรรมราช :^bศูนย์หนังสือมหาวิทยาลัยวลัยลักษณ์,^c2559
300    ^a312 หน้า^bภาพประกอบ, ตาราง
650    ^aการพยาบาลจิตเวชศาสตร์
650    ^aสุขภาพจิต
945    ^p0^l0^i003119
945    ^p0^l0^i003120
945    ^p0^l0^i003121
945    ^p0^l0^i003122
945    ^p0^l0^i003123
945    ^p0^l0^i003124
945    ^p0^l0^i003125
945    ^p0^l0^i003126
945    ^p0^l0^i003127
945    ^p0^l0^i003128
999    ^aประนอม เกษจรัล
รายการนี้ยังไม่มีแท็ก
คุณยังไม่ได้ล็อกอิน คุณสามารถมีกิจกรรมร่วมกับเว็บไซต์ได้ แต่ต้องล็อกอินก่อน ::
  ล็อกอิน

รายการสื่อสารสนเทศ

ลำดับที่ ประเภท เลขเรียก/บาร์โค้ด สถานที่ สถานะ
1. วิทยาศาสตร์การแพทย์ และสุขภาพ
หนังสือสำรอง
สถานะ=หนังสือสำรอง
WY160 ส661ก ล.2 ฉ.1 
  Barcode: 003119
ห้องสมุดวิทยาเขตสวรรค์ประชารักษ์
►หนังสือทั่วไป
บนชั้น
2. วิทยาศาสตร์การแพทย์ และสุขภาพ
วิทยาศาสตร์การแพทย์ และสุขภาพ
WY160 ส661ก ล.2 ฉ.10 
  Barcode: 003128
ห้องสมุดวิทยาเขตสวรรค์ประชารักษ์
►หนังสือทั่วไป
ถูกยืม กำหนดส่งวันที่ 13 พฤษภาคม 2569
  จอง
3. วิทยาศาสตร์การแพทย์ และสุขภาพ
วิทยาศาสตร์การแพทย์ และสุขภาพ
WY160 ส661ก ล.2 ฉ.2 
  Barcode: 003120
ห้องสมุดวิทยาเขตสวรรค์ประชารักษ์
►หนังสือทั่วไป
ถูกยืม กำหนดส่งวันที่ 12 พฤษภาคม 2569
  จอง
4. วิทยาศาสตร์การแพทย์ และสุขภาพ
วิทยาศาสตร์การแพทย์ และสุขภาพ
WY160 ส661ก ล.2 ฉ.3 
  Barcode: 003121
ห้องสมุดวิทยาเขตสวรรค์ประชารักษ์
►หนังสือทั่วไป
ถูกยืม กำหนดส่งวันที่ 17 พฤษภาคม 2569
  จอง
5. วิทยาศาสตร์การแพทย์ และสุขภาพ
วิทยาศาสตร์การแพทย์ และสุขภาพ
WY160 ส661ก ล.2 ฉ.4 
  Barcode: 003122
ห้องสมุดวิทยาเขตสวรรค์ประชารักษ์
►หนังสือทั่วไป
บนชั้น
6. วิทยาศาสตร์การแพทย์ และสุขภาพ
วิทยาศาสตร์การแพทย์ และสุขภาพ
WY160 ส661ก ล.2 ฉ.5 
  Barcode: 003123
ห้องสมุดวิทยาเขตสวรรค์ประชารักษ์
►หนังสือทั่วไป
ถูกยืม กำหนดส่งวันที่ 11 พฤษภาคม 2569
  จอง
7. วิทยาศาสตร์การแพทย์ และสุขภาพ
วิทยาศาสตร์การแพทย์ และสุขภาพ
WY160 ส661ก ล.2 ฉ.6 
  Barcode: 003124
ห้องสมุดวิทยาเขตสวรรค์ประชารักษ์
►หนังสือทั่วไป
ถูกยืม กำหนดส่งวันที่ 23 มีนาคม 2569
  จอง
8. วิทยาศาสตร์การแพทย์ และสุขภาพ
วิทยาศาสตร์การแพทย์ และสุขภาพ
WY160 ส661ก ล.2 ฉ.7 
  Barcode: 003125
ห้องสมุดวิทยาเขตสวรรค์ประชารักษ์
►หนังสือทั่วไป
ถูกยืม กำหนดส่งวันที่ 13 พฤษภาคม 2569
  จอง
9. วิทยาศาสตร์การแพทย์ และสุขภาพ
วิทยาศาสตร์การแพทย์ และสุขภาพ
WY160 ส661ก ล.2 ฉ.8 
  Barcode: 003126
ห้องสมุดวิทยาเขตสวรรค์ประชารักษ์
►หนังสือทั่วไป
บนชั้น
10. วิทยาศาสตร์การแพทย์ และสุขภาพ
วิทยาศาสตร์การแพทย์ และสุขภาพ
WY160 ส661ก ล.2 ฉ.9 
  Barcode: 003127
ห้องสมุดวิทยาเขตสวรรค์ประชารักษ์
►หนังสือทั่วไป
ถูกยืม กำหนดส่งวันที่ 15 พฤษภาคม 2569
  จอง

รายการใกล้เคียง
    ชื่อเรื่อง [การพยาบาลจิตเวชและสุขภาพจิต : ศาสตร์และศิลป์สู่การปฏิบัติ 2]

    ผู้แต่ง [สายฝน เอกวรางกูร]

    หัวเรื่อง [การพยาบาลจิตเวชศาสตร์]
    หัวเรื่อง [สุขภาพจิต]

BibComment


ยังไม่เคยถูกคอมเมนท์

คอมเมนท์ทรัพยากรรายการนี้
  คอมเมนท์: การพยาบาลจิตเวชแ..


 Copyright 2026. Bcnsprnw @Library